000 00514nam a2200181Ia 4500
005 20250508154117.0
008 008 250505s9999 xx 000 0 eng d
037 _aTextual
040 _aFEDL
_beng
_cFEDL
041 _aeng
_2eng
084 _a636.5, NCE
_qFEDL
100 _aPardeshi J S
_9765071
245 0 _aPoultry keeping
260 _aNew Delhi, India
_bNational Council of Educational Research and Training
300 _a60p.
942 _cTEXL
_h636.5, NCE
999 _c1347711
_d1347711